Catálogo
 En Linea

Noches lugubres. (Registro nro. 43206)

Detalles MARC
000 -CABECERA
campo de control de longitud fija 00282nam a2200109 a 4500
005 - FECHA Y HORA DE LA ÚLTIMA TRANSACCIÓN
campo de control 20201002044931.0
008 - DATOS DE LONGITUD FIJA--INFORMACIÓN GENERAL
campo de control de longitud fija 140404s1972 000 spa d
040 ## - FUENTE DE LA CATALOGACIÓN
Centro catalogador/agencia de origen DO-SdBNP
100 ## - ENTRADA PRINCIPAL--NOMBRE DE PERSONA
Nombre de persona Caldoso, José
9 (RLIN) 71531
245 #0 - MENCIÓN DE TÍTULO
Título Noches lugubres.
260 ## - PUBLICACIÓN, DISTRIBUCIÓN, ETC.
Lugar de publicación, distribución, etc. Madrid -- Libra,
Fecha de publicación, distribución, etc. 1972 -- 163 p.

No hay ítems disponibles.

Con tecnología Koha